000 00677nam a2200241Ia 4500
003 OSt
005 20220923225530.0
006 a|||||r|||| 00| 0
007 ta
008 Pun
024 _a270,503
037 _cTextual
040 _aARTS
_cARTS
_bPun
041 _2Pun
_aPun
082 _aP153, M2
100 _aਦੁਲੇ, ਨਰਿੰਦਰ
_9156291
245 0 _aਪੰਜਾਬੀ ਪੁਸਤਕ
260 _aਮੈਸੂਰ
_b ਭਾਰਤੀ ਭਾFਾ ਸੰਸਥਾਨ
_c1982
300 _a98ਪੰ
_ccm.
650 _aਪੰਜਾਬੀ ਭਾFਾ
942 _hP153, M2
_cTEXL
_2CC
999 _c378879
_d378879